00753nam a2200169 a 450000500170000000800410001704000210005804100080007904400070008711101030009424501800019726000560037730000190043365000700045265000430052270000180056520141201161436.0140123b2002 ck ||||| |||| 00| 0 spa d aCO-BoIHcCO-BoIH aspa ack aTaller Nacional para la Protección del Conocimiento TradicionalcBogotádagosto 20-21, 2002n210aRecopilación de las principales declaraciones internacionales y nacionales de los pueblos indígenas sobre su relación con el medio ambiente y el conocimiento tradicional aBogotá:bInstituto Alexander von Humboldt,c2002. a158 p.c28 cm. 6aConocimiento tradicionalvtalleres, congresos, conferencias, etc. 6aConocimiento tradicionalxnormatividad1 aUlloa, Astrid